Statistics for The Seven Anglo-Saxon Kingdoms

Click here to take the quiz!

General Stats

  • This quiz has been taken 1,027 times
  • The average score is 5 of 7

Answer Stats

Answer% Correct
Wessex/Westseaxna rīce
94%
Northumbria/Norþhymbre
79%
Essex/Ēastseaxna Rīce
78%
Mercia/Myrce
76%
Sussex/Sūþseaxna rīce
75%
East Anglia/Ēastengla rīce
60%
Kent/Cantaware rīce
57%

Score Distribution

Percentile by Number Answered

Percent of People with Each Score

Your Score History

You have not taken this quiz